INTRODUCTION TO REAL ANALYSIS (Record no. 216461)

MARC details
000 -LEADER
fixed length control field 00505nam a22001817a 4500
008 - FIXED-LENGTH DATA ELEMENTS--GENERAL INFORMATION
fixed length control field 260116b |||||||| |||| 00| 0 eng d
020 ## - INTERNATIONAL STANDARD BOOK NUMBER
International Standard Book Number 978-93-5424-461-2
100 ## - MAIN ENTRY--PERSONAL NAME
Personal name BARTLE, ROBERT G.
245 ## - TITLE STATEMENT
Title INTRODUCTION TO REAL ANALYSIS
Remainder of title AN INDIAN ADAPTATION
250 ## - EDITION STATEMENT
Edition statement 4TH ED.
260 ## - PUBLICATION, DISTRIBUTION, ETC.
Place of publication, distribution, etc. NEW DELHI
Name of publisher, distributor, etc. WILEY INDIA
Date of publication, distribution, etc. 2021
300 ## - PHYSICAL DESCRIPTION
Extent XV, 361P.
500 ## - GENERAL NOTE
General note INCLUDES INDEX
650 ## - SUBJECT ADDED ENTRY
Topical term or geographic name entry element FUNCTIONS OF REAL VARIABLES
700 ## - ADDED ENTRY--PERSONAL NAME
Personal name SHERBERT, DONALD R.
942 ## - ADDED ENTRY ELEMENTS (KOHA)
Source of classification or shelving scheme Library of Congress Classification
Koha item type Long Loan Book
Holdings
Withdrawn status Lost status Source of classification or shelving scheme Damaged status Not for loan Collection Home library Current library Shelving location Date acquired Inventory number Total checkouts Full call number Barcode Date last seen Copy number Price effective from Koha item type Total renewals Date last checked out
    Library of Congress Classification     Science & Technology Kisii University Library Kisii University Library On Display 01/16/2026 110722   QA 331.5 .B37 2021 000000024783 01/16/2026 C.1 01/16/2026 Long Loan Book    
    Library of Congress Classification     Science & Technology Kisii University Library Kisii University Library On Display 01/16/2026 110723 2 QA 331.5 .B37 2021 000000024782 03/23/2026 C.2 01/16/2026 Long Loan Book 1 03/09/2026
    Library of Congress Classification     Science & Technology Kisii University Library Kisii University Library On Display 01/16/2026 110724 1 QA 331.5 .B37 2021 000000024781 03/06/2026 C.3 01/16/2026 Long Loan Book   02/17/2026
    Library of Congress Classification     Science & Technology Kisii University Library Kisii University Library On Display 01/16/2026 110725 2 QA 331.5 .B37 2021 000000024780 03/26/2026 C.4 01/16/2026 Long Loan Book   03/11/2026